000 00434nam a2200157Ia 4500
003 GCL
008 140319s9999 xx 000 0 ara d
040 _aGCL /
_cGCL
082 0 4 _aط
_b813.02
_bا ا
100 1 _aابراهيم عزوز
245 1 0 _aالارنبة البيضاء /
_cابراهيم عزوز
490 _aقصص الاطفال
_v0
650 0 4 _aالاطفال
650 0 4 _aقصص الاطفال
942 _2ddc
_cBK
999 _c44625
_d44625